| 000 | 005210000a22001930004500 | ||
|---|---|---|---|
| 041 | 0 | _aENG | |
| 082 | 0 | 4 | _aG 170 K447s |
| 100 | 1 | _aKeyser, Leander S. (Sylvester) (1856-1937) | |
| 245 | 1 | 0 | _aA system of general ethics / Leander S. Keyser |
| 250 | _a2a Ed. Revisada | ||
| 260 | _aBurlington, Iowa, USA : Lutheran Literary | ||
| 300 | _a240 Pag. | ||
| 650 | 1 | 4 | _aETICA |
| 001 | 1160 | ||
| 942 | _cBK | ||
| 999 |
_c32490 _d32490 |
||
| 336 |
_atexto _btxt _2rdacontent |
||
| 337 |
_2rdamedia _asin mediación _bn |
||
| 338 |
_2rdacarrier _avolumen _bnc |
||